| 000 | 00843nam a2200229Ia 4500 | ||
|---|---|---|---|
| 001 | 9148 | ||
| 003 | GE_BSU | ||
| 008 | 181216s||||||||xx |||||||||||||| ||und|| | ||
| 040 | _cGE_BSU | ||
| 080 | _a821.353.1-32+821.353.1.09 | ||
| 100 | _aლომიძე,ანდრო | ||
| 245 | _aადამიანს სიცოცხლე სწყურია | ||
| 245 | _bმოთხრობები:წერილები | ||
| 245 | _cრედ:ნ.ხომერიკი;მხატვ:დ.ბერძენიშვილი | ||
| 260 | _aთბილისი. | ||
| 260 | _bმერანი. | ||
| 260 | _c1982 | ||
| 300 | _a379გვ;20სმ. | ||
| 653 | _aადამიანს სიცოცხლე სწყურია | ||
| 653 | _aმოთხრობები:წერილები | ||
| 942 | _cBK | ||
| 999 |
_c42452 _d42452 |
||